| 000 | 01017nas a2200337 4500 | ||
|---|---|---|---|
| 001 | BR0503067 | ||
| 003 | BR-BrBNA | ||
| 005 | 20231205105432.0 | ||
| 007 | ta | ||
| 008 | 230509b bl.|||p| |||| 00| 00por d | ||
| 040 |
_aBR-BrBNA _bpor _cBiblioteca Nacional de Agricultura |
||
| 041 | _a(Pt) | ||
| 072 | _aQ54 | ||
| 100 | 1 | _aSantos, Z.A. de S. | |
| 100 | 1 | _aFreitas, R.T.F. de | |
| 100 | 1 | _aFialho, E.T. | |
| 100 | 1 | _aRodrigues, P.B. | |
| 100 | 1 | _aLima, J.A. de F. | |
| 100 | 1 | _aCarellos, D. de C. | |
| 100 | 1 | _aCastelo Branco, P.A. | |
| 100 | 1 | _aCantarelli, V. de S. | |
| 245 | 1 | _aValor nutricional de alimentos para suínos determinado na Universidade Federal de Lavras | |
| 650 | _aSUÍNO | ||
| 650 | _aALIMENTO | ||
| 650 | _aVALOR NUTRITIVO | ||
| 650 | _aPROTEÍNA | ||
| 650 | _aMETABOLISMO ENERGÉTICO | ||
| 773 | 0 |
_tCiência e Agrotecnologia (Brazil) _xISSN 1413-7054 _g(Jan-Feb 2005), v. 29(1) p. 232-237 _wBR0503067 |
|
| 909 |
_a202311 _bLúcia _c55 _dLúcia Elande |
||
| 942 |
_2AGRIS _n0 _cANA |
||
| 999 |
_c182959 _d182959 |
||